Logo biblioteca
Santa Fe 2917, Rosario, Santa Fe
Lu-Vi 8 a 19.45
+54-341-4232362
bibliotecaeudoro@gmail.com
Facebook Biblioteca Pedagógica
Sitio web

Cuentos del Don / (Registro nro. 32560)

Detalles MARC
000 -CABECERA
campo fijo de control de longitud 00960nam a2200325 i 4500
001 - NÚMERO DE CONTROL
campo de control 32560
003 - IDENTIFICADOR DEL NÚMERO DE CONTROL
campo de control AR-RoBPED
005 - FECHA Y HORADE LA ULTIMA TRANSACCION
campo de control 20260413131440.0
008 - ELEMENTOS DE LONGITUD FIJA--INFORMACION GENERAL
campo fijo de control de longitud 030307s1972 sp er 001 j spa d
040 ## - FUENTE CATALOGADORA
Centro catalogador/agencia de origen M-BN
Agencia que realiza la modificación AR-RoBPED
041 ## - IDIOMA
Código de idioma para texto/pista de sonido o título independiente spa
100 1# - ENCABEZAMIENTO PRINCIPAL--AUTOR PERSONAL
Nombre de persona Shólojov, Mijael
Fechas nac-muerte 1905-1984
9 (RLIN) 20177
245 10 - TITULO
Título Cuentos del Don /
Mención de responsabilidad M. A. Sholojov.
260 ## - PUBLICACION
Lugar [Estella, Navarra] :
Editor Salvat,
Fecha 1972.
300 ## - DESCRIPCION FISICA
Extensión 182 p., 1 h. ;
Dimensiones 19 cm.
490 0# - SERIE
Mención de serie (Biblioteca básica Salvat ;
Designación de volumen o secuencia 95)
505 0# - NOTA DE CONTENIDO
Título El lunar.
Título Sangre de Shibalock.
Título El guarda del melonar.
Título El gran camino.
Título El torbellino.
Título La bígama.
Título Un enemigo mortal.
Título El potrillo.
Título La estepa azul.
650 #4 - TERMINO DE MATERIA--CONTROLADO
Término controlado LITERATURA RUSA
9 (RLIN) 3413
Término controlado CUENTOS REALISTAS
9 (RLIN) 6066
942 ## - ELEMENTOS KOHA
Fuente de clasificación Universal Decimal Classification
Número Koha k. 32560
Koha tipo de ítem Libro
Clasificación 882-3
Signatura librística S 47
Inventario Inv. 42378
945 ## - PROCESAMIENTO DE LA INFORMACIÓN LOCAL
Catalogador y fecha mev 13/04/2025 - cd 13/04/2026
Existencias
Estado retirado Estado perdido Fuente de clasificación Estado dañado No se presta Biblioteca propietaria Biblioteca de reserva Fecha de adquisición Procedencia Total de préstamos Signatura topográfica completa Código de barras (nº de inventario) Fecha visto por última vez Catalogador y fecha Tipo de ítem Koha Nota pública
    Universal Decimal Classification     Biblioteca Pedagógica Eudoro Díaz Biblioteca Pedagógica Eudoro Díaz 07/04/2026 Donación   882-3 S 47 42378 13/04/2026 mev 07/04/2026 Libro Se presta 15 días.